[Event "ISR-Kasparov handicap"]
[Site "Tel Aviv"]
[Date "1998.05.19"]
[Round "1.4"]
[White "Huzman, Alexander"]
[Black "Kasparov, Gary"]
[Result "0-1"]
[WhiteElo "2610"]
[BlackElo "2825"]

1.d4 Nf6 2.c4 e6 3.Nf3 b6 4.g3 Ba6 5.b3 d5 6.Bg2 dxc4 7.Ne5 Bb4+ 8.Kf1 Bd6
9.Nxc4 Nd5 10.e4 Ne7 11.Bb2 Nbc6 12.Nd2 e5 13.d5 Nd4 14.Nf3 c5 15.Kg1 Bxc4
16.bxc4 O-O 17.h4 Nc8 18.Bh3 Re8 19.Kg2 Bf8 20.Rc1 Nd6 21.Re1 Rb8 22.a4 g6
23.Nxd4 cxd4 24.f4 Bg7 25.fxe5 Bxe5 26.Bxd4 Rb7 27.Bf2 Rc7 28.Qd3 Nb7 29.Qa3 Bd6
30.Qb2 Rce7 31.a5 Nc5 32.Rcd1 Rxe4 33.Rxe4 Nxe4 34.axb6 Nxf2 35.Qxf2 axb6
36.Re1 Rxe1 37.Qxe1 Qc7 38.Qe3 h5 39.Qd3 Qe7 40.Kh1 Qe5 41.Kh2 Qf6 42.Kg2 Qb2+  0-1

[Event "ISR-Kasparov handicap"]
[Site "Tel Aviv"]
[Date "1998.05.21"]
[Round "2.4"]
[White "Kasparov, Gary"]
[Black "Huzman, Alexander"]
[Result "1-0"]
[WhiteElo "2825"]
[BlackElo "2610"]

1.e4 c5 2.Nf3 d6 3.d4 cxd4 4.Nxd4 Nf6 5.Nc3 a6 6.Be3 e5 7.Nb3 Be6 8.f3 Nbd7
9.g4 h6 10.Qd2 Be7 11.O-O-O b5 12.h4 Nb6 13.Qf2 Nfd7 14.Kb1 Rc8 15.Nd5 Bxd5
16.exd5 Nc4 17.Bc1 Qb6 18.Qe1 a5 19.Bxc4 bxc4 20.Nxa5 c3 21.Nc6 cxb2 22.Be3 Qa6
23.Qb4 Rxc6 24.dxc6 Qxc6 25.Qb3 O-O 26.g5 Qxf3 27.gxh6 Rb8 28.Rhf1 Qxd1+
29.Rxd1 Rxb3 30.cxb3 gxh6 31.a4 f5 32.Bxh6 f4 33.a5 Kh7 34.Bg5 Bxg5 35.hxg5 f3
36.a6 e4 37.a7 Nb6 38.Kxb2 e3 39.Kc2 e2 40.Rh1+ Kg6 41.Kd2  1-0

[Event "ISR-Kasparov handicap"]
[Site "Tel Aviv"]
[Date "1998.05.21"]
[Round "2.3"]
[White "Smirin, Ilia"]
[Black "Kasparov, Gary"]
[Result "0-1"]
[WhiteElo "2590"]
[BlackElo "2825"]

1.d4 d5 2.c4 c6 3.Nf3 Nf6 4.e3 Bf5 5.Nc3 e6 6.Nh4 Bg4 7.Qb3 Qb6 8.h3 Bh5
9.Bd2 Nbd7 10.g4 Bg6 11.g5 Ng8 12.Nxg6 hxg6 13.c5 Qc7 14.e4 Ne7 15.exd5 exd5
16.Bd3 Rh4 17.Ne2 b6 18.cxb6 axb6 19.O-O-O b5 20.Kb1 Nb6 21.f4 Nc4 22.Be1 Rh8
23.Bb4 Nf5 24.Rhe1 Bxb4 25.Qxb4 Qd6 26.Qc3 Kf8 27.Bxf5 gxf5 28.Nc1 g6 29.b3 b4
30.Qf3 Na3+ 31.Kb2 c5 32.Re5 c4 33.Ka1 c3 34.Rxd5 Nc2+ 35.Kb1 Na3+ 36.Ka1 Qa6
37.Rd7 Nc2+ 38.Kb1 Na3+ 39.Ka1 Ra7 40.Rd8+ Kg7 41.Rxh8 Nc2+ 42.Kb1 Na3+ 43.Ka1 Kxh8
44.d5 Nc2+ 45.Kb1 Na3+ 46.Ka1 Re7 47.Qd3 Qd6 48.Qd4+ Kg8 49.Qf6 Nc2+ 50.Kb1 Na3+
51.Ka1 Qc5 52.Nd3 Qe3 53.Qa6 Qd4 54.Rc1 Re3  0-1

[Event "Internet"]
[Site "ICC m1"]
[Date "1998.05.24"]
[Round "2"]
[White "Svidler, Peter"]
[Black "Kasparov, Gary"]
[Result "1-0"]
[WhiteElo "2690"]
[BlackElo "2825"]

1.e4 c5 2.Nf3 e6 3.d4 cxd4 4.Nxd4 a6 5.Nc3 b5 6.Bd3 Qb6 7.Nb3 Qc7 8.f4 d6
9.O-O Nd7 10.Kh1 Ngf6 11.Qf3 Bb7 12.a3 g6 13.Qh3 Bg7 14.f5 gxf5 15.exf5 e5
16.Bg5 h6 17.Bh4 Rg8 18.Rae1 Bf8 19.Re2 Rg4 20.Nd2 h5 21.Nde4 Be7 22.Bxf6 Nxf6
23.Nxf6+ Bxf6 24.Be4 O-O-O 25.Qxh5 Rh4 26.Bxb7+ Qxb7 27.Qf3 Qxf3 28.Rxf3 d5
29.Rd3 Rf4 30.g3 Rxf5 31.Rxd5 Rxd5 32.Nxd5 Bd8 33.Kg2 Kd7 34.h4 Ke6 35.g4  1-0

[Event "Internet"]
[Site "ICC m1"]
[Date "1998.05.24"]
[Round "3"]
[White "Kasparov, Gary"]
[Black "Svidler, Peter"]
[Result "1-0"]
[WhiteElo "2825"]
[BlackElo "2690"]

1.d4 Nf6 2.c4 g6 3.g3 Bg7 4.Bg2 d5 5.Nf3 dxc4 6.Na3 c3 7.bxc3 O-O 8.O-O c5
9.e3 Nc6 10.Qe2 Qa5 11.Bb2 Nd5 12.Rfc1 Bg4 13.h3 Bxf3 14.Bxf3 Nb6 15.Rab1 cxd4
16.cxd4 e5 17.Qb5 Qxb5 18.Nxb5 exd4 19.Bxc6 bxc6 20.Nxd4 Na4 21.Ba3 c5 22.Rc4 Nb6
23.Rxc5 Bxd4 24.exd4 Rfd8 25.Rd1 Rd7 26.Bc1 Rad8 27.Be3 f6 28.Kg2 Kf7 29.g4 Nd5
30.Kf3 Nc7 31.Ra5 a6 32.h4 Rd5 33.Rxd5 Rxd5 34.Rc1 Ne6 35.Ke4 Ra5 36.d5 Ra4+
37.Kf3 Nd4+ 38.Bxd4 Rxd4 39.Rc7+ Ke8 40.Rxh7 Rxd5 41.Rg7 Ra5 42.Rxg6 Kf7
43.Rh6 Kg7 44.Rh5 Ra3+ 45.Kg2 Rxa2 46.Rc5 a5 47.Kg3 a4 48.Ra5 a3 49.Ra7+ Kg6
50.h5+ Kh6 51.Ra6 Kg7 52.h6+ Kxh6 53.Rxf6+ Kg7 54.Ra6 Ra1 55.Kf4 a2 56.Kf5 Kf7
57.g5 Kg7 58.Ra7+ Kg8 59.Kf6  1-0

[Event "Internet"]
[Site "ICC m1"]
[Date "1998.05.24"]
[Round "4"]
[White "Svidler, Peter"]
[Black "Kasparov, Gary"]
[Result "0-1"]
[WhiteElo "2690"]
[BlackElo "2825"]

1.e4 c5 2.Nf3 Nc6 3.d4 cxd4 4.Nxd4 Nf6 5.Nc3 e5 6.Ndb5 d6 7.Bg5 a6 8.Na3 b5
9.Bxf6 gxf6 10.Nd5 f5 11.c3 Bg7 12.exf5 Bxf5 13.Nc2 O-O 14.Nce3 Be6 15.Bd3 f5
16.O-O Ra7 17.Qh5 Raf7 18.g4 e4 19.Bc2 Ne5 20.Nf4 Bd7 21.Bb3 fxg4 22.Ne6 Bxe6
23.Bxe6 Qf6 24.Bxf7+ Rxf7 25.h3 Qe6 26.hxg4 Rf6 27.Kg2 Nd3 28.Qh4 Nf4+ 29.Kg1 h5
30.g5 Nh3+ 31.Kh1 Rf3 32.Qxh5 Nxf2+ 33.Kg2 Rh3 34.Qe2 Qe5 35.Rg1 Rh2+ 36.Kf1 Nh3
37.Qg4 Nxg1 38.Kxg1 Rxb2 39.Qc8+ Bf8 40.Qh3 Qxg5+ 41.Kh1 Qh6 42.Rg1+ Kh7
43.Qxh6+ Bxh6 44.Nd5 Bg7 45.Rg2 Rxg2 46.Kxg2 Kg6 47.Kf2 Kf5 48.Ke3 a5 49.Ne7+ Ke6
50.Nc6 d5  0-1

[Event "Internet"]
[Site "ICC m2"]
[Date "1998.05.25"]
[Round "1"]
[White "Kasparov, Gary"]
[Black "Psakhis, Lev"]
[Result "1-0"]
[WhiteElo "2825"]
[BlackElo "2565"]

1.d4 Nf6 2.c4 e6 3.Nc3 Bb4 4.Qc2 O-O 5.a3 Bxc3+ 6.Qxc3 b6 7.Bg5 Bb7 8.Nf3 d6
9.Nd2 Nbd7 10.f3 h6 11.Bh4 c5 12.e4 cxd4 13.Qxd4 Qc7 14.Be2 Rac8 15.O-O Qc5
16.Bf2 Qxd4 17.Bxd4 Rc7 18.b4 Rfc8 19.Rfd1 Ne8 20.Nf1 Kf8 21.Ne3 Ke7 22.Kf2 g6
23.h4 h5 24.Rd2 a5 25.Rb2 Ra8 26.Rbb1 axb4 27.axb4 Rcc8 28.Ke1 Nc7 29.Kd2 e5
30.Bc3 Rxa1 31.Rxa1 Ra8 32.Rxa8 Bxa8 33.g3 Bc6 34.Bd3 f6 35.f4 exf4 36.gxf4 Ne6
37.f5 Nf4 38.fxg6 Nxg6 39.Nf5+ Ke6 40.Nd4+ Kf7 41.Nxc6 Nxh4 42.Be2 Kg6 43.Ne7+ Kg5
44.Bd4 Ng2 45.Bf1 Nh4 46.Ke3 Ng6 47.Nxg6 Kxg6 48.Bh3 Ne5 49.Be6  1-0

[Event "Internet"]
[Site "ICC m3"]
[Date "1998.05.26"]
[Round "2"]
[White "Miles, Anthony J"]
[Black "Kasparov, Gary"]
[Result "1-0"]
[WhiteElo "2595"]
[BlackElo "2825"]

1.d4 Nf6 2.Nf3 e6 3.c3 c5 4.Bg5 h6 5.Bxf6 Qxf6 6.e4 cxd4 7.cxd4 Bb4+ 8.Nc3 O-O
9.Rc1 Nc6 10.a3 Ba5 11.b4 Bb6 12.e5 Qd8 13.Ne4 d5 14.Nc5 f6 15.Be2 fxe5 16.dxe5 a5
17.Qd2 axb4 18.axb4 Bc7 19.Nd3 Ne7 20.O-O Nf5 21.Rfe1 Bb6 22.Nc5 Qe7 23.Nd4 Nxd4
24.Qxd4 Bd7 25.Bd3 Ra3 26.Bb1 Bb5 27.Qg4 Qf7 28.f3 Bd3 29.Bxd3 Rxd3 30.Kh1 Bxc5
31.Rxc5 Qf5 32.h3 Rb3 33.Rb5 Qxg4 34.hxg4 Rf4 35.Rxb7 Rfxb4 36.Re7 Rb1 37.Rxb1 Rxb1+
38.Kh2 Rb6 39.Kg3 Kf8 40.Rd7 Rb2 41.f4 Re2 42.Kf3 Re4 43.g3 g6 44.Rh7 Ra4
45.Rxh6 Ra3+ 46.Kg2 Ra2+ 47.Kf3 Ra3+ 48.Kg2 Ra2+ 49.Kh3 Kg7 50.g5 d4 51.Kg4 d3
52.Rh1 Rf2 53.Ra1 d2 54.Ra7+ Kf8 55.Rd7 Ke8 56.Rd6 Ke7 57.Kh3 Kf7 58.Rd3 Ke7
59.Rd4 Ke8 60.Rd6 Ke7 61.Kh4 Rh2+ 62.Kg4 Rf2 63.Kh3 Kf7 64.Rd7+ Ke8 65.Rd4 Ke7
66.Kg4 Kf7 67.Kh3 Ke7 68.Kh4 Rh2+ 69.Kg4 Rf2 70.Kh3 Kf7 71.g4 Ke7 72.Kg3 Re2
73.Kf3 Rh2 74.Ke3 Rg2 75.Kf3 Rh2 76.Rd6  1-0

[Event "Internet"]
[Site "ICC m3"]
[Date "1998.05.26"]
[Round "3"]
[White "Kasparov, Gary"]
[Black "Miles, Anthony J"]
[Result "1-0"]
[WhiteElo "2825"]
[BlackElo "2595"]

1.e4 c6 2.d4 d5 3.Nd2 dxe4 4.Nxe4 Nf6 5.Nxf6+ exf6 6.c3 Be6 7.Bd3 Bd6 8.Ne2 O-O
9.Bf4 Re8 10.O-O Bg4 11.f3 Bh5 12.Qd2 Bg6 13.Bxd6 Qxd6 14.Nf4 Nd7 15.Nxg6 hxg6
16.Rfe1 f5 17.g3 c5 18.Bb5 Rxe1+ 19.Rxe1 Nf6 20.Qe3 cxd4 21.Qxd4 Qxd4+ 22.cxd4 Kf8
23.Kf2 Rd8 24.Rd1 Nd5 25.Bc4 Nb6 26.Bb3 Rd7 27.h4 Ke7 28.Ke3 Kd6 29.Kd3 a5
30.a3 Re7 31.Rc1 Na8 32.Rc5 b6 33.Rd5+ Kc6 34.Re5 Ra7 35.Re8 Nc7 36.Re7 Ra8
37.Rxf7 Rd8 38.Rxg7 Rd6 39.Bf7 Rd7 40.Rxg6+ Kb7 41.Rf6 Nb5 42.Be8 Rxd4+ 43.Ke3 Rd6
44.Rxd6  1-0

[Event "Blitz m"]
[Site "ICC"]
[Date "1998.05.26"]
[Round "1"]
[White "Kasparov, Gary"]
[Black "Svidler, Peter"]
[Result "1-0"]
[WhiteElo "2825"]
[BlackElo "2690"]

1.e4 e5 2.Nf3 Nc6 3.Bb5 a6 4.Ba4 Nf6 5.O-O Be7 6.Bxc6 dxc6 7.d3 Nd7 8.b3 c5
9.Bb2 Bd6 10.Nbd2 O-O 11.Nc4 f6 12.Nh4 Nb8 13.Nf5 Bxf5 14.exf5 Nc6 15.Qf3 Qd7
16.Qe4 Kh8 17.Rfe1 b5 18.Ne3 Nd4 19.c3 Nc6 20.Rad1 Rad8 21.h4 Rfe8 22.h5 h6
23.g3 Ne7 24.g4 c6 25.c4 Bb8 26.Ng2 Qb7 27.Nh4 Rd7 28.Ng6+ Kg8 29.f4 Nxg6
30.fxg6 Rde7 31.f5 Rd7 32.Bc3 Red8 33.Kf1 Bc7 34.Re3 Bb6 35.Rf3 Qc7 36.Kg2 Rd6
37.Rh3 R8d7 38.g5 Ba5 39.Bb2 Qd8 40.gxh6 gxh6 41.Qe3 bxc4 42.bxc4 Qb8 43.Ba3 Bb4
44.Bc1 Bc3 45.Qe2 Kg7 46.Qc2 Qb4 47.Kh1 Qa5 48.Bxh6+ Kxh6 49.Qc1+ Kg7 50.h6+ Kh8
51.g7+ Kh7 52.Rg1 Rd8 53.g8=Q+ Rxg8 54.Rg7+  1-0

[Event "Blitz m"]
[Site "ICC"]
[Date "1998.05.26"]
[Round "2"]
[White "Svidler, Peter"]
[Black "Kasparov, Gary"]
[Result "0-1"]
[WhiteElo "2690"]
[BlackElo "2825"]

1.e4 c5 2.Nf3 d6 3.d4 cxd4 4.Nxd4 Nf6 5.Nc3 a6 6.Be3 e5 7.Nb3 Be6 8.f3 Nbd7
9.g4 b5 10.Qd2 Nb6 11.Na5 b4 12.Ne2 d5 13.g5 Nfd7 14.c3 bxc3 15.bxc3 Bc5
16.Bxc5 Nxc5 17.Qe3 Qc7 18.Ng3 O-O 19.Nb3 Nca4 20.Rc1 Rfd8 21.Be2 Nc4 22.Qf2 Qe7
23.h4 Qa3 24.O-O Qxa2 25.Bxc4 Qxf2+ 26.Rxf2 dxc4 27.Na5 Rd3 28.Ne2 Rb8 29.Nc6 Rb5
30.Nb4 Rd6 31.f4 exf4 32.Nxf4 Nxc3 33.e5 Rd4 34.Nxe6 Rg4+ 35.Kf1 Rxb4 36.Nd8 Nd5
37.Rxf7 c3 38.Rd7 Rbf4+ 39.Ke2 Rg2+ 40.Kd3 Rd2+  0-1

[Event "Chess Classics Giants"]
[Site "Frankfurt"]
[Date "1998.06.17"]
[Round "3"]
[White "Kasparov, Gary"]
[Black "Ivanchuk, Vassily"]
[Result "1-0"]
[WhiteElo "2825"]
[BlackElo "2740"]

1.e4 c5 2.Nf3 Nc6 3.d4 cxd4 4.Nxd4 Nf6 5.Nc3 d6 6.Bg5 e6 7.Qd2 a6 8.O-O-O Be7
9.f4 Nxd4 10.Qxd4 b5 11.Bxf6 gxf6 12.e5 d5 13.Kb1 Bb7 14.f5 fxe5 15.Qxe5 Bf6
16.Qg3 Qe7 17.fxe6 fxe6 18.Be2 O-O-O 19.Bg4 h5 20.Bh3 h4 21.Qf4 Bg7 22.Rhe1 Rh6
23.a3 Rg6 24.Bxe6+ Rxe6 25.Qg4 Rd6 26.Rxe6 Qxe6 27.Qxg7 Qf6 28.Qg4+ Kb8 29.Rd4 Re6
30.Qxh4 Qf1+ 31.Ka2 Qxg2 32.Rg4 Qf1 33.Rg8+ Ka7 34.Qd4+ Rb6 35.Nxd5  1-0

[Event "EuroTel Trophy"]
[Site "Prague"]
[Date "1998.09.09"]
[Round "3"]
[White "Kasparov, Gary"]
[Black "Timman, Jan H"]
[Result "1-0"]
[WhiteElo "2815"]
[BlackElo "2655"]

1.d4 Nf6 2.c4 e6 3.Nc3 Bb4 4.Qc2 O-O 5.a3 Bxc3+ 6.Qxc3 b6 7.Bg5 c5 8.e3 d6
9.Bd3 cxd4 10.exd4 d5 11.cxd5 Qxd5 12.Bxf6 gxf6 13.Ne2 Rd8 14.Ng3 Qxd4 15.Be4 Qxc3+
16.bxc3 Rd5 17.Rd1 Bb7 18.Bxd5 Bxd5 19.Nh5 Nd7 20.c4 Bc6 21.Rxd7 Bxd7 22.Nxf6+ Kg7
23.Nxd7 f6 24.Ke2 Rc8 25.Rc1 Rc7 26.Nb8  1-0

[Event "Kosmos m 5'"]
[Site "Moscow"]
[Date "1998.11.28"]
[Round "16"]
[White "Kasparov, Gary"]
[Black "Kramnik, Vladimir"]
[Result "1-0"]
[WhiteElo "2815"]
[BlackElo "2780"]

1.d4 Nf6 2.c4 e6 3.Nc3 Bb4 4.Qc2 O-O 5.a3 Bxc3+ 6.Qxc3 b6 7.Bg5 Bb7 8.f3 h6
9.Bh4 d5 10.e3 Nbd7 11.cxd5 Nxd5 12.Bxd8 Nxc3 13.Bh4 Nd5 14.Bf2 c5 15.Bb5 Rfd8
16.e4 Ne7 17.Ne2 Bc6 18.Ba6 b5 19.a4 bxa4 20.dxc5 Ne5 21.Nd4 Rab8 22.Bg3 f6
23.O-O-O Kf7 24.f4 Ng4 25.f5 e5 26.Bc4+ Ke8 27.Nxc6 Nxc6 28.Rxd8+ Kxd8 29.Re1 h5
30.h3 Nh6 31.Rd1+ Kc7 32.Rd6 Na5 33.Bd5 Nb3+ 34.Kd1 Nd4 35.Ra6 Rxb2 36.Rxa7+ Kb8
37.Rxa4 Rxg2 38.Rxd4 Rxg3 39.Rb4+ Kc8 40.c6 Nxf5 41.Be6+ Kc7 42.exf5 Kxc6
43.h4 Kc5 44.Rb7 Rg4 45.Ke2 Kc6 46.Ra7 Kb6 47.Rd7 Kc5 48.Ke3 Kc6 49.Rf7 e4
50.Kd4 Kb6 51.Bd5 Rxh4 52.Rxg7 Rh2 53.Bxe4 Rd2+ 54.Ke3 Rd6 55.Rh7 Kc5 56.Rxh5 Ra6
57.Rh2 Ra3+ 58.Kf4 Ra4 59.Rc2+ Kd6 60.Rd2+ Ke7 61.Rd5  1-0

[Event "Kosmos m 5'"]
[Site "Moscow"]
[Date "1998.11.28"]
[Round "19"]
[White "Kramnik, Vladimir"]
[Black "Kasparov, Gary"]
[Result "1-0"]
[WhiteElo "2780"]
[BlackElo "2815"]

1.Nf3 Nf6 2.c4 c5 3.Nc3 d5 4.cxd5 Nxd5 5.d4 Nxc3 6.bxc3 g6 7.e4 Bg7 8.Bb5+ Nc6
9.O-O O-O 10.Be3 cxd4 11.cxd4 Bg4 12.Bxc6 bxc6 13.Rc1 Bxf3 14.Qxf3 Bxd4 15.Rfd1 c5
16.Rxc5 Bxe3 17.Rxd8 Bxc5 18.Rxa8 Rxa8 19.Qc3 Bb6 20.Kf1 Rd8 21.a4 e6 22.a5 Bd4
23.Qc7 Rf8 24.e5 h5 25.Ke2 Kg7 26.f4 Rh8 27.Kf3 Bg1 28.Qc1 Bd4 29.Ke4 Rd8
30.Qc7 Rd5 31.g3 Bg1 32.h3 Rd1 33.g4 hxg4 34.hxg4 Rd4+ 35.Kf3 Rd5 36.Ke2 Bd4
37.Kf3 g5 38.f5 exf5 39.e6  1-0

[Event "Kosmos m 5'"]
[Site "Moscow"]
[Date "1998.11.28"]
[Round "20"]
[White "Kasparov, Gary"]
[Black "Kramnik, Vladimir"]
[Result "1-0"]
[WhiteElo "2815"]
[BlackElo "2780"]

1.d4 Nf6 2.c4 e6 3.Nc3 Bb4 4.Qc2 O-O 5.a3 Bxc3+ 6.Qxc3 b6 7.Bg5 Bb7 8.f3 h6
9.Bh4 d5 10.e3 Nbd7 11.cxd5 Nxd5 12.Bxd8 Nxc3 13.Bh4 Nd5 14.Bf2 f5 15.Bb5 c6
16.Bd3 c5 17.Ne2 Rac8 18.O-O cxd4 19.Nxd4 Ne5 20.Be2 Nc4 21.Rfc1 Ncxe3 22.Nxe6 Rfe8
23.Rxc8 Bxc8 24.Nd4 Bd7 25.Bxe3 Nxe3 26.Rc1 Rd8 27.Kf2 f4 28.g3 Nf5 29.Nxf5 Bxf5
30.Ke1 fxg3 31.hxg3 Rd7 32.b4 Kf7 33.Rc4 g5 34.f4 Be6 35.Rc6 Re7 36.Kf2 gxf4
37.gxf4 Kg7 38.Bd3 Bd5 39.Rd6 Bb3 40.f5 Rf7 41.Rg6+ Kf8 42.Rxh6 Ke7 43.Ke3 Rf6
44.Rh7+ Rf7 45.Rh4 Kd6 46.Kd4 Rf6 47.Rg4 Bf7 48.Rg7 a5 49.b5 a4 50.Be4 Be8
51.Rb7 Rf8 52.Rxb6+ Kc7 53.Re6 Bxb5 54.Ke5 Bd7 55.Re7 Kd8 56.f6 Re8 57.Kd6 Bb5
58.Bf5 Rf8 59.f7 Rh8 60.Be6 Ba6 61.Ra7 Bc8 62.Bxc8  1-0

[Event "Kosmos m 5'"]
[Site "Moscow"]
[Date "1998.11.28"]
[Round "21"]
[White "Kramnik, Vladimir"]
[Black "Kasparov, Gary"]
[Result "1/2-1/2"]
[WhiteElo "2780"]
[BlackElo "2815"]

1.Nf3 d5 2.d4 Nf6 3.c4 e6 4.Nc3 c6 5.Bg5 Nbd7 6.cxd5 exd5 7.e3 Be7 8.Bd3 Ne4
9.Bxe7 Qxe7 10.O-O O-O 11.Qc2 Ndf6 12.Rae1 Bf5 13.Ne5 Nxc3 14.Qxc3 Bxd3 15.Nxd3 Ne4
16.Qc2 Nd6 17.b3 Rae8 18.Qd2 f6 19.Re2 h5 20.f3 Qf7 21.Rfe1 Rd8 22.Nf2 Rfe8
23.Qb2 Re7 24.e4 dxe4 25.fxe4 Qg6 26.Qd2 Nb5 27.d5 Red7 28.Qb4 a5 29.Qc5 Qg5
30.a4 Nc7 31.Qxa5 cxd5 32.e5 d4 33.Nd3 Nd5 34.exf6 Qxf6 35.Rf2 Qd6 36.Qc5 Qxc5
37.Nxc5 Rc7 38.Ne6 Re7 39.Nxd8 Rxe1+ 40.Rf1 Re2 41.Rf2 Re1+ 42.Rf1 Re7 43.Rd1 Nc3
44.Rd3 Kf8 45.Kf1 Ke8 46.Rxd4 Ne4 47.Nxb7 Rf7+ 48.Ke1 Re7 49.Kf1 Rf7+ 50.Ke2 Re7
51.Kf1  1/2-1/2

[Event "Kosmos m 5'"]
[Site "Moscow"]
[Date "1998.11.28"]
[Round "24"]
[White "Kasparov, Gary"]
[Black "Kramnik, Vladimir"]
[Result "1/2-1/2"]
[WhiteElo "2815"]
[BlackElo "2780"]

1.d4 d5 2.c4 c6 3.Nf3 e6 4.Nbd2 Nf6 5.e3 Nbd7 6.Bd3 Bd6 7.e4 e5 8.cxd5 cxd5
9.exd5 O-O 10.O-O exd4 11.Ne4 Nxe4 12.Bxe4 Nf6 13.Qxd4 Nxe4 14.Qxe4 Re8 15.Qd3 Qf6
16.Be3 Bf5 17.Qd2 Be4  1/2-1/2

[Event "Buenos Aires sim"]
[Site "Buenos Aires"]
[Date "1998.12.13"]
[Round "?"]
[White "Kasparov, Gary"]
[Black "Flores, Diego"]
[Result "1/2-1/2"]
[WhiteElo "2815"]
[BlackElo "2205"]

1.e4 e5 2.Nf3 Nc6 3.Bc4 Bc5 4.c3 Nf6 5.d3 d6 6.Bb3 a6 7.Nbd2 O-O 8.h3 Ba7
9.Nf1 Ne7 10.Ng3 Ng6 11.O-O h6 12.d4 exd4 13.cxd4 d5 14.e5 Ne4 15.Be3 Be6
16.Bc2 Nxg3 17.fxg3 Qe7 18.Qd3 Rfc8 19.Nh4 Nf8 20.Nf5 Bxf5 21.Qxf5 c5 22.Bd3 Rc6
23.Rae1 cxd4 24.Bd2 Re8 25.Kh1 Re6 26.Qf3 Bb8 27.Qxd5 Bxe5 28.Rf3 Bf4 29.Rxf4 Rxe1+
30.Bxe1 Qxe1+ 31.Kh2 Re7 32.Rxd4 Rd7 33.Qxd7 Nxd7 34.Rxd7 g5 35.Rxb7 h5 36.Bxa6 h4
37.gxh4 Qe5+ 38.Kh1 Qe1+  1/2-1/2

[Event "BT Wireplay sim"]
[Site "London"]
[Date "1998.12.17"]
[Round "?"]
[White "Kasparov, Gary"]
[Black "Thiruchelvam, Thirumurugan"]
[Result "1-0"]
[WhiteElo "2815"]
[BlackElo "2020"]

1.d4 d5 2.c4 e6 3.Nc3 Nf6 4.cxd5 exd5 5.Bg5 Be7 6.e3 O-O 7.Bd3 h6 8.Bh4 b6
9.Nf3 Bb7 10.O-O Nbd7 11.Qc2 c5 12.Rad1 c4 13.Bf5 a6 14.Ne5 b5 15.a3 Nb6
16.f4 Qd6 17.Qf2 Bc8 18.Bb1 Na4 19.Bxf6 Bxf6 20.Qc2 Rd8 21.Qh7+ Kf8 22.Nxd5 Qxd5
23.Be4 Qe6 24.Bxa8 Bd7 25.Bf3 Nxb2 26.Bg4 Qd6 27.Bxd7 Nxd1 28.Nc6 g6 29.Nxd8 Qxd7
30.f5 Nxe3 31.Qxh6+ Bg7 32.Qxe3 Bxd4 33.Ne6+ fxe6 34.fxe6+ Kg8 35.exd7 Bxe3+
36.Kh1 Bg5 37.Rd1 Bd8 38.Re1  1-0

[Event "Colmar simul"]
[Site "Colmar"]
[Date "1998.??.??"]
[Round "?"]
[White "Kasparov, Gary"]
[Black "Groshenny, C."]
[Result "1-0"]
[WhiteElo "2825"]
[BlackElo "1790"]

1.e4 e6 2.d4 d5 3.Nd2 Nf6 4.e5 Nfd7 5.f4 c5 6.c3 Nc6 7.Ndf3 Qb6 8.a3 c4 9.h4 Be7
10.h5 h6 11.Ne2 Na5 12.g4 Nf8 13.Bh3 Nb3 14.Rb1 Nxc1 15.Qxc1 Bd7 16.Qc2 O-O-O
17.Ng3 Kb8 18.Ke2 Rc8 19.Kf2 Be8 20.Kg2 Bd7 21.Rbf1 Qd8 22.Rf2 Rc7 23.Rhf1 Qe8
24.g5 Bc8 25.Bg4 Bd8 26.Qd2 Nh7 27.g6 Nf8 28.gxf7 Rxf7 29.Nh2 Nh7 30.Qc2 Bd7
31.Qb1 Bc8 32.Bd1 Bh4 33.Bc2 Nf8 34.Kh3 Bxg3 35.Kxg3 Rc7 36.Bg6 Nxg6 37.Qxg6 Qxg6+
38.hxg6 Rf8 39.Nf3 Re7 40.Nh4 Kc7 41.Kg4 a6 42.Kh5 Kd8 43.f5 exf5 44.Nxf5 Bxf5
45.Rxf5 Rxf5+ 46.Rxf5 Kd7 47.a4 Ke6 48.Rf8 Rc7 49.a5 Re7 50.Rg8 Rd7 51.Rxg7 Rxg7
52.Kxh6 Rg8 53.Kh7 Rc8 54.g7 Kf7 55.e6+ Kxe6 56.g8=Q+ Rxg8 57.Kxg8 Ke7 58.Kg7 Ke6
59.Kg6 Ke7 60.Kf5 Kd7 61.Ke5 Kc6 62.Ke6  1-0

[Event "Colmar simul"]
[Site "Colmar"]
[Date "1998.??.??"]
[Round "?"]
[White "Kasparov, Gary"]
[Black "Netzer, Jean"]
[Result "1-0"]
[WhiteElo "2825"]
[BlackElo "1730"]

1.d4 d5 2.c4 e6 3.Nc3 c5 4.cxd5 cxd4 5.Qa4+ Bd7 6.Qxd4 exd5 7.Qxd5 Nc6 8.Nf3 Nf6
9.Qd1 Bc5 10.e3 Qe7 11.Be2 O-O-O 12.O-O g5 13.b4 Bxb4 14.Qc2 g4 15.Nd4 Nxd4
16.exd4 Kb8 17.Bf4+ Ka8 18.Nb5 Bxb5 19.Bxb5 Rxd4 20.Be3 Rdd8 21.Rac1 Bd6
22.Qa4 Bb8 23.Rfe1 Qd6 24.g3 h5 25.Rc6 Qe5 26.Ra6 Rd4 27.Qxd4  1-0

[Event "Colmar simul"]
[Site "Colmar"]
[Date "1998.??.??"]
[Round "?"]
[White "Kasparov, Gary"]
[Black "Munch, P."]
[Result "1-0"]
[WhiteElo "2825"]
[BlackElo "1830"]

1.d4 f5 2.Bg5 g6 3.Nd2 Bg7 4.e4 fxe4 5.Nxe4 Nf6 6.Nxf6+ exf6 7.Be3 O-O 8.h4 d6
9.h5 Be6 10.hxg6 hxg6 11.Qd2 Kf7 12.Ne2 Rh8 13.Rxh8 Qxh8 14.Nf4 Nd7 15.O-O-O c6
16.Nxe6 Kxe6 17.d5+ Kf7 18.dxc6 bxc6 19.Qxd6 Ne5 20.f4 Bf8 21.Qc7+ Be7 22.fxe5 Qe8
23.Bc4+ Kf8 24.Bh6+  1-0

[Event "Colmar simul"]
[Site "Colmar"]
[Date "1998.??.??"]
[Round "?"]
[White "Kasparov, Gary"]
[Black "Martin, L."]
[Result "1-0"]
[WhiteElo "2825"]
[BlackElo "1690"]

1.d4 d5 2.c4 e6 3.Nc3 Nf6 4.cxd5 exd5 5.Bg5 Be7 6.e3 O-O 7.Bd3 Nc6 8.Nge2 Be6
9.O-O h6 10.Bh4 Qd7 11.a3 Bf5 12.Bxf6 Bxf6 13.Bxf5 Qxf5 14.Qb3 Rab8 15.Nxd5 Qe6
16.Nef4 Qd6 17.Nxf6+ Qxf6 18.Nd3 b6 19.Rac1 Rbc8 20.Qa4 Ne7 21.Qxa7 Nd5 22.Qa6 Rfe8
23.Qc4 Ne7 24.Rc2 Ng6 25.Qc6 Qf5 26.Rd1 Re7 27.Qf3 Qxf3 28.gxf3 Rd8 29.Rc6 Nh4
30.f4 Nf5 31.Rdc1 Rdd7 32.Ne5 Rd6 33.Rxc7 Rxc7 34.Rxc7 f6 35.Nd3 Kf8 36.b4 Ne7
37.b5 Nd5 38.Rc8+ Kf7 39.f5 Ne7 40.Rc7 Rd5 41.Nb4 Rd8 42.Nc6 Re8 43.d5 Kf8
44.Nxe7 Rxe7 45.d6  1-0

[Event "Colmar simul"]
[Site "Colmar"]
[Date "1998.??.??"]
[Round "?"]
[White "Kasparov, Gary"]
[Black "Lefevre, C."]
[Result "1-0"]
[WhiteElo "2825"]
[BlackElo "1970"]

1.e4 c6 2.d4 d5 3.e5 Bf5 4.Nf3 e6 5.a3 Nd7 6.Nbd2 Ne7 7.Nh4 Bg6 8.c3 Nf5
9.Nxg6 hxg6 10.Nf3 Be7 11.Bd3 Nh4 12.Nxh4 Rxh4 13.g3 Rh8 14.h4 Qc7 15.Qf3 Rf8
16.Bg5 Qd8 17.Qe3 Bxg5 18.hxg5 Qe7 19.Rh7 Rg8 20.f4 O-O-O 21.Ke2 Rh8 22.Rah1 Rxh7
23.Rxh7 Rg8 24.g4 Qd8 25.Kf1 Rh8 26.Qh3 Rxh7 27.Qxh7 Qf8 28.Ke2 Nb6 29.f5 gxf5
30.gxf5 Na4 31.f6 gxf6 32.exf6 Nxb2 33.g6 fxg6 34.Qg7 Qd6 35.Qh8+ Qd8 36.Qg7 Qd6
37.Qh6 Qg3 38.Qf8+ Kc7 39.Qe7+ Kb6 40.Qd8+  1-0

[Event "Colmar simul"]
[Site "Colmar"]
[Date "1998.??.??"]
[Round "?"]
[White "Kasparov, Gary"]
[Black "Supper, Y."]
[Result "1-0"]
[WhiteElo "2825"]
[BlackElo "1880"]

1.d4 Nf6 2.Bg5 e6 3.e4 Be7 4.Nd2 O-O 5.Ngf3 d5 6.e5 Nfd7 7.h4 c5 8.Bd3 h6
9.c3 f5 10.exf6 Bxf6 11.Qe2 Qe8 12.Bxf6 Rxf6 13.g4 Rf8 14.g5 Qh5 15.Qxe6+ Qf7
16.Qxf7+ Rxf7 17.O-O-O Re7 18.Rde1 Nc6 19.Rxe7 Nxe7 20.Re1 Kf8 21.Nf1 cxd4
22.cxd4 Nb6 23.Ng3 Bg4 24.Ne5 Rc8+ 25.Kd2 Bh3 26.Nh5 Nc4+ 27.Bxc4 dxc4 28.Nf4 Bf5
29.Kc3 a5 30.a4 b6 31.d5 Rd8 32.Rd1 Bd7 33.d6 Nf5 34.Nfg6+ Kg8 35.Ne7+  1-0

[Event "Colmar simul"]
[Site "Colmar"]
[Date "1998.??.??"]
[Round "?"]
[White "Kasparov, Gary"]
[Black "Winkelmueller, JL."]
[Result "1-0"]
[WhiteElo "2825"]
[BlackElo "1960"]

1.e4 c5 2.Nf3 Nc6 3.Bb5 e6 4.c3 Nge7 5.d4 cxd4 6.cxd4 d5 7.Nc3 a6 8.Ba4 g6
9.Bg5 Bg7 10.Bxc6+ bxc6 11.e5 O-O 12.Qd2 Qc7 13.Na4 a5 14.O-O Ba6 15.Rfc1 Rfc8
16.Nc5 Nf5 17.g4 Ne7 18.Bf6 Kf8 19.Ng5 Kg8 20.Bxg7 Rab8 21.Bf6 Qd8 22.Nxh7 Kxh7  1-0

[Event "Colmar simul"]
[Site "Colmar"]
[Date "1998.??.??"]
[Round "?"]
[White "Kasparov, Gary"]
[Black "Inguimberty, JL."]
[Result "1-0"]
[WhiteElo "2825"]
[BlackElo "2130"]

1.d4 c6 2.c4 d5 3.Nf3 Nf6 4.e3 e6 5.Bd3 Be7 6.O-O O-O 7.Nc3 Nbd7 8.b3 Re8
9.Bb2 b6 10.e4 dxe4 11.Nxe4 Qc7 12.Qe2 h6 13.Nxf6+ Bxf6 14.Ne5 Bb7 15.Rad1 Rad8
16.Ng4 Bg5 17.f4 Bxf4 18.Qe4 f5 19.Qxf4 Qxf4 20.Rxf4 fxg4 21.Rxg4 g5 22.Rg3 Nf6
23.Rh3 Kg7 24.Rf1 g4 25.Re3 Bc8 26.d5  1-0

[Event "Leon Man+Comp m"]
[Site "Leon"]
[Date "1998.??.??"]
[Round "3"]
[White "Topalov, Veselin"]
[Black "Kasparov, Gary"]
[Result "1/2-1/2"]
[WhiteElo "2740"]
[BlackElo "2825"]

1.e4 c5 2.Nf3 d6 3.d4 cxd4 4.Nxd4 Nf6 5.Nc3 a6 6.Be3 e5 7.Nb3 Be6 8.f3 Be7
9.Qd2 Nbd7 10.g4 O-O 11.O-O-O Qc7 12.Kb1 Rfc8 13.g5 Nh5 14.Rg1 Nb6 15.Qf2 Bd8
16.h4 g6 17.Rd2 Qc6 18.f4 exf4 19.Bxf4 Nxf4 20.Qxf4 Qe8 21.Nd4 Rxc3 22.bxc3 Na4
23.Rg3 Ba5 24.Nxe6 Qxe6 25.Rd4 Nxc3+ 26.Rxc3 Bxc3 27.Bc4 Qe7 28.Qxd6 Re8
29.Qxe7 Rxe7 30.Rd8+ Kg7 31.Bd5 Be1 32.h5 gxh5 33.Rb8 b5 34.Rb7 Rxb7 35.Bxb7 a5
36.Kc1 h4 37.Kd1 Bg3 38.Ke2 h3 39.Kf3 h2 40.Kg2 b4 41.Bd5 Be5 42.Bb3 Kg6
43.Kh1 h6 44.gxh6 f6 45.Kg2 Kxh6 46.Ba4 Kg5 47.Bc6 Kg4 48.Ba4 Bg3 49.Bb5 Kf4
50.Bc6 Ke3 51.Kh1 Be5 52.Kg2 Kd2 53.Ba4 Kc3 54.Kh1 Kb2 55.Bb3 Ka3 56.Bd5 Kb2
57.Bb3 Kc3 58.Ba4  1/2-1/2

[Event "Leon Man+Comp m"]
[Site "Leon"]
[Date "1998.??.??"]
[Round "4"]
[White "Kasparov, Gary"]
[Black "Topalov, Veselin"]
[Result "1-0"]
[WhiteElo "2825"]
[BlackElo "2740"]

1.Nf3 Nf6 2.d4 g6 3.c4 Bg7 4.g3 c5 5.Bg2 Qa5+ 6.Nc3 Ne4 7.Qd3 cxd4 8.Nxd4 Nc5
9.Qd1 Nc6 10.e3 Ne6 11.O-O Qc5 12.Ndb5 a6 13.Na4 Qxc4 14.Nbc3 Rb8 15.Nb6 Qc5
16.Ncd5 O-O 17.b4 Qd6 18.Rb1 Nc7 19.Nc4 Qe6 20.e4 d6 21.Be3 Qd7 22.Ncb6 Qd8
23.f4 Nxd5 24.exd5 Na7 25.Rc1 Bf5 26.g4 Nc8 27.Nc4 Bd7 28.Qe2 Bb5 29.Qf2 e6
30.Rfd1 e5 31.f5 gxf5 32.gxf5 Qf6 33.a4 Bxc4 34.Rxc4 Ne7 35.Rf1 Kh8 36.Qg3 b5
37.Rh4 Nxf5 38.Rxh7+ Kxh7 39.Be4 Kg8 40.Bxf5 e4 41.Qh3  1-0